000 00723nam a22002297a 4500
003 UA-OsUOA
001 122284
007 ta
008 20170424b un ||||| |||| 00| 0 ukr d
100 _aІщук С.О.
700 _aСозанський Л.Й.
090 _a330(477)
_bИ99
942 _cSA
040 _aUA-OsUOA
_bukr
_cUA-OsUOA
_dUA-OsUOA
245 _aПромисловість України і Польщі: порівняльна оцінка конкурентних переваг
300 _aС.72-82
955 _a0
041 _aukr
080 _a330(477)
773 0 _w122277
_tРегіональна економіка
_dЛьвів
_d2017
_g1
650 7 _a330 Економіка взагалі
_2UDC
999 _c408495
_d408495